| 000 | 00487nam a2200169 a 4500 | ||
|---|---|---|---|
| 005 | 20140412111320.0 | ||
| 008 | 001219s19uu xx 00 eng d | ||
| 020 | _a0-7214-1186-X | ||
| 050 |
_aER _bCo83 1990 |
||
| 100 | _aWingfield, Ethel | ||
| 245 |
_aColours / _cby Ethel Wingfield ; illustrated by Susie Lacome. |
||
| 260 |
_aLoughborough, UK : _bLadybird Books Ltd, _c[n.d.] |
||
| 300 | _a1 v. (unp.) ; ill. | ||
| 440 | _aLearning at Home | ||
| 650 | _aColours | ||
| 999 |
_c104373 _d104373 |
||